000 00435nam a22001457u 4500
008 130405s1965 xxu||||| |||| 00| 0 fre d
041 _afre
100 1 _aRigaux, Béda
_910465
245 0 0 _aTémoignage de l'évangile de Marc
_b:Pour une histoire de Jésus I
_cBéda Rigaux
260 _aLouvain:
_bDesclée de Brouwer,
_c1965
300 _a191 p.
_c;19 cm.
630 0 4 _aBiblia
_pN.T.
_pEvangelios
_913405
942 _cBK
001 70368
999 _c234409
_d234409